000 00591nam a2200229Ia 4500
003 OSt
005 20220928104148.0
006 a|||||r|||| 00| 0
007 ta
008 220927b |||||||| |||| 00| 0 eng d
024 _a36109
037 _cTextual
040 _aSDCL
_cSDCL
_beng
041 _2eng
_aeng
082 _aQ4y7C5, B4
100 _aRockhill Woodville W
_9409378
245 0 _aLife of the Buddha.
260 _aNew Delhi
_bNavrang
_c1884
300 _a269p.
_ccm.
942 _hQ4y7C5, B4
_cTEXL
_2CC
999 _c724917
_d724917